Score 0/15 Timer 04:00
0 Plays Today
% Correct
Grey Wind
74.8%
Grey Worm
74.7%
White Walkers
74.6%
The Red Woman
74.1%
The White Wolf
73.1%
The Golden Company
68.5%
The Red Viper
67.6%
The Blackfish
67.4%
% Correct
The Red God
65.9%
Lemoncloak
64.9%
The Blue Bard
63.6%
Brown Ben
62.1%
The Yellow King
62.1%
The Black Dread
61.6%
Greenseer
54.1%
Remove Ads.
Support Sporcle.
Get the best of Sporcle when you Go Orange. This ad-free experience offers more features, more stats, and more fun while also helping to support Sporcle. Thank you for becoming a member.

You're not logged in!

Compare scores with friends on all Sporcle quizzes.
OR
Log In

Show Comments

Extras

Top Quizzes Today


Score Distribution

Your Account Isn't Verified!

In order to create a playlist on Sporcle, you need to verify the email address you used during registration. Go to your Sporcle Settings to finish the process.

Report this User

Report this user for behavior that violates our Community Guidelines.

Details: